Statistics for "Supernatural" Angels

Click here to take the quiz!

General Stats

  • This quiz has been taken 1,863 times
    (1,817 since last reset)
  • The average score is 10 of 15

Answer Stats

HintAngel's name% Correct
Rescues Dean from Hell.Castiel
99%
Rebellious archangel who parades as a Trickster.Gabriel
99%
Archangel who wishes to claim Sam as his vessel.Lucifer
91%
Archangel who wishes to claim Dean as his vessel.Michael
91%
Rips out her grace and lives on earth as a human.Anna
86%
Archangel against whom Castiel fights a war in Heaven.Raphael
71%
Scribe who tricks Castiel into expelling all angels from Heaven.Metatron
67%
Castiel's ally, steals heavenly weapons and sells them to humans.Balthazar
66%
Specialist who 'assists' Castiel in Season 4.Uriel
65%
Higher-ranking angel who tries to force Dean to say yes to Michael.Zachariah
61%
Possesses Sam while posing as the angel Ezekiel.Gadreel
51%
Captured by Crowley, nicknamed 'Alfie' by Dean.Samandriel
46%
Looks after Heaven's Garden, known for speaking to God.Joshua
43%
Uses mind control to manipulate other angels.Naomi
42%
Fallen angel who tries to claim human Castiel as her vessel.Hael
15%

Score Distribution

Percentile by Number Answered

Percent of People with Each Score

Your Score History

You have not taken this quiz since the last reset